| 000 | 00787nam a22002655a 4500 | ||
|---|---|---|---|
| 001 | 14703676 | ||
| 005 | 20201128020954.0 | ||
| 008 | 070119t2007 enk frb 001 0 eng d | ||
| 010 | _a 2007002345 | ||
| 020 | _a9780470025529 (pbk.) | ||
| 020 | _a0470025522 | ||
| 040 |
_aEG-ScBUE _cEG-ScBUE _eeng |
||
| 082 | 0 | 4 |
_a320.5 _222 _bGOO |
| 100 | 1 |
_aGoodwin, Barbara. _934045 |
|
| 245 | 1 | 0 |
_aUsing political ideas / _cBarbara Goodwin. |
| 250 | _a5th ed. | ||
| 260 |
_aChichester : _bJohn Wiley & Sons, _cc.2007. |
||
| 300 |
_ax, 446 p. ; _c24 cm. |
||
| 500 | _aIndex : p. 437-446. | ||
| 504 | _aIncludes bibliographical references. | ||
| 650 | 7 |
_aPolitical science. _91313 _2BUEsh |
|
| 650 | 7 |
_aIdeology. _91315 _2BUEsh |
|
| 653 |
_bBUSBOL _cOctober2013 _cAugust2015 |
||
| 942 |
_2ddc _cBB |
||
| 999 |
_c17636 _d17608 |
||